Region a jeho integrační tendence ve vztahu k fenoménu globalizace
Výklad a riešenie otázok súvisiacich s tematikou regiónu a jeho integračných tendencií vo vzťahu ku globalizácii. Rozlíšenie dvoch základných druhov regiónu: 1. fyzický a 2. sociálny. Región a globalizácia. Skúmanie vonkajšieho prostredia v štyroch rôznych rovinách: 1, sociálne, 2. ekonomické, 3. pr...
Gespeichert in:
| 1. Verfasser: | |
|---|---|
| Format: | Buchkapitel |
| Sprache: | Tschechisch |
| Schlagworte: | |
| Tags: |
Keine Tags, Fügen Sie das erste Tag hinzu!
|
MARC
| LEADER | 00000naa$a2200000$$$4500 | ||
|---|---|---|---|
| 001 | 0006159 | ||
| 005 | 20231004104242.4 | ||
| 041 | 0 | |a cze | |
| 044 | |a CZ | ||
| 245 | 1 | 0 | |a Region a jeho integrační tendence ve vztahu k fenoménu globalizace |c aut. Jan Hejda |
| 520 | |a Výklad a riešenie otázok súvisiacich s tematikou regiónu a jeho integračných tendencií vo vzťahu ku globalizácii. Rozlíšenie dvoch základných druhov regiónu: 1. fyzický a 2. sociálny. Región a globalizácia. Skúmanie vonkajšieho prostredia v štyroch rôznych rovinách: 1, sociálne, 2. ekonomické, 3. právne a politické, 4. technologické. Problémy drobných podnikov v regiónoch. Charakteristika regionálnych aspektov globalizácie. | ||
| 610 | 2 | 0 | |a regióny |
| 610 | 2 | 0 | |a integrácia |
| 610 | 2 | 0 | |a globalizácia |
| 610 | 2 | 0 | |a prostredie ekonomické |
| 610 | 2 | 0 | |a prostredie podnikateľské |
| 610 | 2 | 0 | |a disproporcionalita |
| 610 | 2 | 0 | |a podnik malý |
| 610 | 2 | 0 | |a podnik stredný |
| 100 | 1 | |a Hejda, Jan | |